Statistics for Historical Countries by Location #1

Click here to take the quiz!

General Stats

  • This quiz has been taken 52 times
  • The average score is 18 of 20

Answer Stats

HintAnswer% Correct
MingChina
100%
ManchuriaChina
100%
AquitaineFrance
100%
ProvenceFrance
100%
GaulFrance
100%
BurgundyFrance
100%
EtruriaItaly
100%
Sardinia-PiedmontItaly
100%
WalesUnited Kingdom
100%
NewfoundlandCanada
98%
HanoverGermany
96%
MuscovyRussia
94%
VermontUnited States
94%
GranadaSpain
92%
CastileSpain
92%
AbyssiniaEthiopia
80%
CorfuGreece
80%
FormosaTaiwan
67%
FrisiaNetherlands
65%
DesmondIreland
33%

Score Distribution

Percentile by Number Answered

Percent of People with Each Score

Your Score History

You have not taken this quiz